| 000 | 00433nam a2200145Ia 4500 | ||
|---|---|---|---|
| 008 | 230917s9999||||xx |||||||||||||| ||und|| | ||
| 040 |
_e186179 _aMAIN |
||
| 041 | _aEnglish | ||
| 082 | _a355.00954 M599M | ||
| 100 | _aMarston, Daniel P, ed. | ||
| 245 | 0 | _aMilitary history of India and South Asia: From the East India Company to the nuclear era | |
| 260 |
_aNew Delhi _bPentagon Press _c2008 |
||
| 300 | _aix, 238 p. | ||
| 942 | _cBK | ||
| 999 |
_c162046 _d162046 |
||